Anatomy for diagnostic imaging. (3rd ed.) (Record no. 30745)
[ view plain ]
| 000 -LEADER | |
|---|---|
| fixed length control field | 01150nam a2200277 a 4500 |
| 008 - FIXED-LENGTH DATA ELEMENTS--GENERAL INFORMATION | |
| fixed length control field | 170323s2011 ||||||||||||||||| || u |
| 010 ## - LIBRARY OF CONGRESS CONTROL NUMBER | |
| LC control number | 2009041673 |
| 020 ## - INTERNATIONAL STANDARD BOOK NUMBER | |
| International Standard Book Number | 9780702029714 |
| 050 ## - LIBRARY OF CONGRESS CALL NUMBER | |
| Classification number | QM 28 Ryn |
| 100 ## - MAIN ENTRY--PERSONAL NAME | |
| Personal name | McNicholas, Michelle |
| 245 10 - TITLE STATEMENT | |
| Title | Anatomy for diagnostic imaging. (3rd ed.) |
| Statement of responsibility, etc. | Stephanie Ryan, Michelle McNicholas, Stephen Eustace |
| 250 ## - EDITION STATEMENT | |
| Edition statement | 3rd ed. |
| 260 ## - PUBLICATION, DISTRIBUTION, ETC. | |
| Place of publication, distribution, etc. | Edinburgh ; New York |
| Name of publisher, distributor, etc. | Saunders Elsevier |
| Date of publication, distribution, etc. | 2011 |
| 300 ## - PHYSICAL DESCRIPTION | |
| Extent | vi, 337 p. : ill. |
| 350 ## - | |
| -- | 89.95 |
| 500 ## - GENERAL NOTE | |
| General note | Includes bibliographical references and index. |
| 505 ## - | |
| -- | Head and neck -- The central nervous system -- The spinal column and its contents -- The thorax -- The abdomen -- The pelvis -- The upper limb -- The lower limb -- The breast. |
| 650 #3 - SUBJECT ADDED ENTRY--TOPICAL TERM | |
| Topical term or geographic name entry element | DIAGNOSTIC IMAGING- METHODS |
| 650 #0 - SUBJECT ADDED ENTRY--TOPICAL TERM | |
| Topical term or geographic name entry element | HUMAN ANATOMY |
| 650 #0 - SUBJECT ADDED ENTRY--TOPICAL TERM | |
| Topical term or geographic name entry element | DIAGNOSTIC IMAGING |
| 650 #3 - SUBJECT ADDED ENTRY--TOPICAL TERM | |
| Topical term or geographic name entry element | ANATOMY |
| 700 ## - ADDED ENTRY--PERSONAL NAME | |
| Personal name | Ryan, Stephanie |
| 700 ## - ADDED ENTRY--PERSONAL NAME | |
| Personal name | Eustace, Stephen |
| 995 ## - | |
| -- | MICHAEL CHILUFYA SATA OPEN ACCESS |
| -- | 903766 |
| -- | CBU-SCHOOL OF MEDICINE LIBRARY (Ndola) |
| -- | 89.95 |
| -- | QM 28 Ryn |
| -- | 1 |
| -- | AVAILABLE |
| -- | Mar 22, 2017 |
| -- | 903766 |
| -- | Medical Library Open Access Collection |
| 999 ## - | |
| -- | 30745 |
| -- | 30745 |
| Withdrawn status | Lost status | Source of classification or shelving scheme | Damaged status | Not for loan | Permanent Location | Current Location | Shelving location | Date acquired | Total Checkouts | Full call number | Barcode | Date last seen | Price effective from | Koha item type |
|---|---|---|---|---|---|---|---|---|---|---|---|---|---|---|
| CBU-SCHOOL OF MEDICINE LIBRARY, NDOLA. | CBU-SCHOOL OF MEDICINE LIBRARY, NDOLA. | 11/30/2022 | QM 28 Ryn | 903766 | 11/30/2022 | 11/30/2022 | MONOGRAPH |